Nowe nazwy państw w oparciu o stare - Statystyki

Ogólne statystyki
  • Ten quiz został rozwiązany 151 razy
  • Średni wynik to 4 z 8
Statystyki odpowiedzi
Hint Odpowiedź % Poprawnych
persja iran
97%
Burma Mjanma
71%
zair demokratyczna republika konga
65%
Syjam tajlandia
54%
Abisynia etiopia
50%
NRD niemcy wschodnie
39%
RFN niemcy zachodnie
37%
Numidia(dawne państwo berberów) algieria
29%
Nie znaleziono quizów pasujących do podanych kryteriów
Rozkład punktacji
Procent ludzi z każdym wynikiem
Percentyl według liczby udzielonych odpowiedzi
Twoja historia wyników
Nie rozwiązałeś tego quizu